[Event "Belgrade-chT Premier"]
[Site "Belgrade"]
[Date "2017.09.18"]
[Round "1.5"]
[White "Sevkusic, Uros"]
[Black "Mihajlovic, Miodrag"]
[Result "1/2-1/2"]
[WhiteElo "2033"]
[BlackElo "2089"]
[PlyCount "40"]
[EventDate "2017.09.18"]
[EventType "team"]
[EventRounds "9"]
[EventCountry "SRB"]
[SourceTitle "CBM 180 Extra"]
[Source "ChessBase"]
[SourceDate "2017.10.06"]
[SourceVersion "1"]
[SourceVersionDate "2017.10.06"]
[SourceQuality "1"]
[WhiteTeam "Delfin"]
[BlackTeam "Belgrade Radnicki"]
[WhiteTeamCountry "SRB"]
[BlackTeamCountry "SRB"]

1. e4 c5 2. Nf3 d6 3. Nc3 a6 4. d4 cxd4 5. Nxd4 Nf6 6. Bc4 e6 7. Bb3 Be7 8. 0-0 Qc7 9. f4 h5 10. f5 e5 11. Nf3 Nc6 12. Bg5 Nd8 13. Bxf6 Bxf6 14. Nd5 Qc5+ 15. Kh1 Bd7 16. Qd2 Rc8 17. Rad1 Bc6 18. c3 h4 19. Rfe1 Bxd5 20. Bxd5 Be7 1/2-1/2

[Event "Belgrade Jezero op"]
[Site "Belgrade"]
[Date "2017.08.09"]
[Round "5"]
[White "Djokic, Nenad"]
[Black "Sevkusic, Uros"]
[Result "1/2-1/2"]
[WhiteElo "2317"]
[BlackElo "1916"]
[PlyCount "81"]
[EventDate "2017.08.05"]
[EventType "swiss"]
[EventRounds "9"]
[EventCountry "SRB"]
[SourceTitle "CBM 180 Extra"]
[Source "ChessBase"]
[SourceDate "2017.10.06"]
[SourceVersion "1"]
[SourceVersionDate "2017.10.06"]
[SourceQuality "1"]

1. d4 d5 2. c4 e6 3. Nf3 Nf6 4. Bg5 Be7 5. e3 0-0 6. Nc3 h6 7. Bh4 b6 8. cxd5 Nxd5 9. Bxe7 Qxe7 10. Nxd5 exd5 11. Rc1 Be6 12. Qa4 c5 13. dxc5 bxc5 14. Qa3 Rc8 15. Nd4 Nd7 16. Ba6 Re8 17. Nxe6 Qxe6 18. Bb5 Rab8 19. Bxd7 Qxd7 20. 0-0 d4 21. Rfd1 Qg4 22. h3 Qe2 23. b3 dxe3 24. fxe3 Rb6 25. Re1 Qd2 26. Rcd1 Qc2 27. Rc1 Qe4 28. Qxc5 Rg6 29. Re2 Qf3 30. Qc2 Rxe3 31. Rf2 Qd5 32. Rd1 Qe6 33. Rdf1 Reg3 34. Kh2 Qe5 35. Kh1 Qh5 36. Qc8+ Kh7 37. Re1 Qd5 38. Ree2 Qd1+ 39. Kh2 Qd6 40. Kh1 Qd1+ 41. Kh2 1/2-1/2

[Event "SRB-ch U20"]
[Site "Belgrade"]
[Date "2017.05.03"]
[Round "9"]
[White "Sevkusic, Uros"]
[Black "Ivic, Velimir"]
[Result "0-1"]
[WhiteElo "1906"]
[BlackElo "2354"]
[PlyCount "64"]
[EventDate "2017.04.28"]
[EventType "tourn"]
[EventRounds "9"]
[EventCountry "SRB"]
[EventCategory "1"]
[SourceTitle "CBM 178 Extra"]
[Source "ChessBase"]
[SourceDate "2017.06.22"]
[SourceVersion "1"]
[SourceVersionDate "2017.06.22"]
[SourceQuality "1"]

1. e4 c5 2. Nf3 e6 3. c4 b6 4. Nc3 Bb7 5. g3 Nf6 6. d3 d5 7. exd5 exd5 8. Bg2 d4 9. Ne2 Be7 10. 0-0 0-0 11. Ne5 Bxg2 12. Kxg2 Bd6 13. Nf3 Nc6 14. Bg5 h6 15. Bxf6 Qxf6 16. Nd2 Qg6 17. Ne4 Bc7 18. f4 f5 19. Nf2 Rae8 20. Qd2 Re7 21. Rae1 Rfe8 22. Ng1 Bxf4 23. Qd1 Be3 24. Nf3 Ne5 25. Nxe5 Rxe5 26. Nh3 Qc6+ 27. Qf3 Qa4 28. g4 Qc2+ 29. Kh1 Bg1 30. Rxg1 Rxe1 31. Qd5+ Kh8 32. Qxf5 R1e2 0-1

[Event "SRB-ch U20"]
[Site "Belgrade"]
[Date "2017.04.28"]
[Round "1"]
[White "Dimic, Pavle"]
[Black "Sevkusic, Uros"]
[Result "1-0"]
[WhiteElo "2297"]
[BlackElo "1906"]
[PlyCount "53"]
[EventDate "2017.04.28"]
[EventType "tourn"]
[EventRounds "9"]
[EventCountry "SRB"]
[EventCategory "1"]
[SourceTitle "CBM 178 Extra"]
[Source "ChessBase"]
[SourceDate "2017.06.22"]
[SourceVersion "1"]
[SourceVersionDate "2017.06.22"]
[SourceQuality "1"]

1. d4 d5 2. Nf3 Nf6 3. c4 e6 4. Nc3 Be7 5. Bg5 0-0 6. e3 h6 7. Bh4 b6 8. Qb3 c5 9. Bxf6 Bxf6 10. cxd5 cxd4 11. Nxd4 Bxd4 12. exd4 exd5 13. Qxd5 Qe7+ 14. Qe5 Re8 15. 0-0-0 Qxe5 16. dxe5 Bg4 17. f3 Be6 18. Rd6 Nd7 19. Bb5 Re7 20. f4 Rc8 21. Rhd1 Nc5 22. Rd8+ Rxd8 23. Rxd8+ Kh7 24. b4 Nb7 25. Rb8 Rc7 26. Kb2 Bd7 27. Bd3+ 1-0